|
|
|
|
| LEADER |
00000nas a2200000 a 4500 |
| 001 |
ssj0000910179 |
| 003 |
WaSeSS |
| 005 |
20200512172242.0 |
| 006 |
m d |
| 007 |
cr n |
| 008 |
130108c19949999xo qr p s 0 a0eng c |
| 010 |
|
|
|a 2013238392
|
| 022 |
|
|
|a 1338-6174
|l 1335-0803
|
| 035 |
|
|
|a (WaSeSS)ssj0000910179
|
| 040 |
|
|
|a HUA
|b eng
|c HUA
|d OCLCO
|d IUL
|d OCLCO
|d OCLCF
|d OCLCQ
|d OCLCO
|d CUS
|d OCLCQ
|d AU@
|d WaSeSS
|
| 042 |
|
|
|a pcc
|
| 050 |
|
4 |
|a TA404.2
|b .M384
|
| 210 |
0 |
|
|a Mater. inž.
|b (Online)
|
| 222 |
|
0 |
|a Materiálové inžinierstvo
|b (Online)
|
| 245 |
0 |
0 |
|a Materials engineering
|h [electronic resource] =
|b Materiálové inžinierstvo.
|
| 246 |
3 |
1 |
|a Materiálové inžinierstvo
|
| 246 |
1 |
|
|a MEMI
|
| 260 |
|
|
|a Žilina :
|b Faculty of Mechanical Engineering, University of Žilina
|
| 310 |
|
|
|a Quarterly
|
| 362 |
1 |
|
|a Print began in 1994.
|
| 506 |
|
|
|a License restrictions may limit access.
|
| 546 |
|
|
|a In English, <2008->
|
| 588 |
|
|
|a Description based on: Vol. 16, no. 1 (Feb. 2009); title from PDF running title, publisher's journal website (viewed April 4, 2013).
|
| 588 |
|
|
|a Latest issue consulted: Vol. 20, no. 1 (Feb. 2013) (viewed April 4, 2013).
|
| 650 |
|
0 |
|a Materials
|x Research
|v Periodicals.
|
| 650 |
|
7 |
|a Materials
|x Research.
|2 fast
|0 (OCoLC)fst01011865
|
| 655 |
|
0 |
|a Electronic journals.
|
| 710 |
2 |
|
|a Žilinská univerzita.
|b Strojnícka faculta.
|
| 776 |
0 |
8 |
|i Print version:
|t Materials engineering
|x 1335-0803
|
| 856 |
4 |
0 |
|z Full text available from Research Library: 01/01/2013 to 07/31/2017
|u https://search.proquest.com/publication/2027547
|